Francesc Vidal : l'aposta per les indústries d'art a Barcelona (1878-1914) / l'aposta per les indústries d'art a Barcelona (1878-1914) /
ISBN:
9788491564133
Publicado:
Barcelona :
Museu del Disseny de Barcelona, Institut de Cultura de Barcelona, Ajuntament de Barcelona ,
2022
Descripción Física:
183 pàgines : il·lustracions (principalment en color) ; 23 cm
Otros Autores:
Vélez, Pilar, 1957-
,
Vélez, Pilar, 1957-
,
Altimira, Patrícia
,
Bru i Turull, Ricard
,
Piera, Mónica, 1963-
,
Capsir, Josep
,
Losada Varea, Celestina
,
Bonet i Armengol, Jordi, 1925-
Materias:
Vidal i Jevellí, Francesc, -- 1848-1914.
; Museu del Disseny de Barcelona -- Col·leccions d'art.
; Palau Güell.
; Palau de Sobrellano (Comillas, Espanya)
; Palau Casades (Barcelona, Catalunya)
; Vitralls -- Catalunya -- Història.
; Arts decoratives -- Catalunya -- Història.
; Art i indústria -- Catalunya -- Història.
; Japonisme.
Idioma:
Catalán
MARC
| LEADER | 00000nam a22000004i 4500 | ||
|---|---|---|---|
| 001 | 26062 | ||
| 003 | Arxiu | ||
| 005 | 20260324181126.0 | ||
| 008 | 220524s2021 spcao 000 0 cat c | ||
| 017 | |a DL B 9571-2022 |b Biblioteca de Catalunya | ||
| 020 | |a 9788491564133 | ||
| 040 | |a ES-BaMAA |b cat |e rda |c ES-BaMAA |d ES-BaUB | ||
| 130 | 0 | |a Francesc Vidal (Museu del Disseny de Barcelona) | |
| 245 | 1 | 0 | |a Francesc Vidal : |b l'aposta per les indústries d'art a Barcelona (1878-1914) / |c edició: Pilar Vélez ; coordinació editorial Patrícia Altimira ; textos Ricard Bru, Mónica Piera, Pilar Vélez, Josep Capsir, Celestina Losada, Jordi Bonet |
| 264 | 1 | |a Barcelona : |b Museu del Disseny de Barcelona, Institut de Cultura de Barcelona, Ajuntament de Barcelona, |c [2022] | |
| 264 | 4 | |c ©2022 | |
| 300 | |a 183 pàgines : |b il·lustracions (principalment en color) ; |c 23 cm | ||
| 336 | |a text |b txt |2 rdacontent | ||
| 337 | |a sense mediació |b n |2 rdamedia | ||
| 338 | |a volum |2 rdacarrier | ||
| 500 | |a També disponible en castellà | ||
| 504 | |a Inclou bibliografia (pàgines 181-183) | ||
| 505 | 8 | |a Conté: |t Fortuna crítica de Francesc Vidal, de mitjan segle XX fins a l'actualitat / |r Pilar Vélez -- |t Francesc Vidal, capdavanter de les indústries artístiques de Barcelona, bon coneixedor de les tendències europees del seu temps / |r Pilar Vélez -- |t Francesc Vidal i Jevellí, una vida entre l'art i la indústria / |r Ricard Bru -- |t Les obres artístiques, decoratives i d'utilitat d'F. Vidal / |r Mónica Piera -- |t Tècniques -- |t La foneria artística / |r Ricard Bru -- |t Vitralls cloisonné: innovació internacional, fracàs comercial i èxit artístic / |r Jordi Bonet -- |t Grans encàrrecs -- |t El palau de Sobrellano i altres encàrrecs de Comillas / |r Celestina Losada -- |t El palau Güell / |r Mónica Piera -- |t El palau Casades / |r Josep Capsir -- |t Estils -- |t El neogòtic, més goticista que el gòtic / |r Pilar Vélez -- |t Japonisme / |r Ricard Bru -- |t L'estil rus / |r Mónica Piera -- |t Catàleg de mobiliari Vidal del Museu del Disseny de Barcelona | |
| 600 | 1 | 7 | |a Vidal i Jevellí, Francesc, |d 1848-1914. |2 lemac |
| 610 | 2 | 7 | |a Museu del Disseny de Barcelona |x Col·leccions d'art. |2 lemac |
| 610 | 2 | 7 | |a Palau Güell. |2 lemac |
| 610 | 2 | 7 | |a Palau de Sobrellano (Comillas, Espanya) |2 lemac |
| 610 | 2 | 7 | |a Palau Casades (Barcelona, Catalunya) |2 lemac |
| 650 | 7 | |a Vitralls |z Catalunya |x Història. |2 lemac | |
| 650 | 7 | |a Arts decoratives |z Catalunya |x Història. |2 lemac | |
| 650 | 7 | |a Art i indústria |z Catalunya |x Història. |2 lemac | |
| 650 | 7 | |a Japonisme. |2 lemac | |
| 700 | 1 | |a Vélez, Pilar, |d 1957- |e editor literari, |e escriptor d'un text addicional | |
| 700 | 1 | |a Altimira, Patrícia, |e editor literari | |
| 700 | 1 | |a Bru i Turull, Ricard, |e escriptor d'un text addicional | |
| 700 | 1 | |a Piera, Mónica, |d 1963- |e escriptor d'un text addicional | |
| 700 | 1 | |a Capsir, Josep, |e escriptor d'un text addicional | |
| 700 | 1 | |a Losada Varea, Celestina, |e escriptor d'un text addicional | |
| 700 | 1 | |a Bonet i Armengol, Jordi, |d 1925- |e escriptor d'un text addicional | |
| 710 | 2 | |a Museu del Disseny de Barcelona, |e entitat editora | |
| 908 | |a DHUB |a ICAB | ||
| 940 | |a DHUB | ||
| 942 | |2 udc |c ARXIU |n 1 | ||
| 952 | |0 0 |1 0 |2 udc |4 0 |6 BIB709 |7 1 |9 62543 |a Arxiu |b Arxiu |d 2022-06-28 |l 0 |o Bib-709 |p 26062 |r 2022-06-28 00:00:00 |w 2022-06-28 |y ARXIU | ||
| 999 | |c 82147 |d 82147 | ||